Normal view
MARC view
Entry Personal Name
001 - CONTROL NUMBER
- control field: 4448
003 - CONTROL NUMBER IDENTIFIER
- control field: IMU CC
005 - DATE AND TIME OF LATEST TRANSACTION
- control field: 20260223113607.0
008 - FIXED-LENGTH DATA ELEMENTS
- fixed length control field: 260223|| aca||aabn | a|a d
040 ## - CATALOGING SOURCE
- Description conventions: IMU CC
100 ## - HEADING--PERSONAL NAME
- Personal name: Chatfield, Tom